People Who Died on Islands - Statistics

General Stats
  • This quiz has been taken 850 times
    25 since last reset
  • The average score is 12 of 21
Answer Stats
Person Island % Correct
Éamon de Valera Ireland
95%
Chiang Kai-shek Taiwan
90%
Karl Marx Great Britain
86%
James Cook Hawaii
81%
Bobby Fischer Iceland
76%
Napoleon Saint Helena
76%
Erik the Red Greenland
71%
Henry Morgan Jamaica
67%
Theodore Roosevelt Long Island
67%
Juan Ponce de León Cuba
62%
Falco Hispaniola
57%
Richard Nixon Manhattan
57%
Queen Victoria Isle of Wight
52%
Ferdinand Marcos Oahu
52%
Saint Lucy Sicily
52%
Dionysios Solomos Corfu
33%
Fletcher Christian Pitcairn
33%
Joan Miró Mallorca
29%
Ernest Shackleton South Georgia
10%
Vitus Bering Bering Island
5%
Isoroku Yamamoto Bougainville Island
5%
No matching quizzes found
Score Distribution
Percent of People with Each Score
Percentile by Number Answered
Your Score History
You have not taken this quiz since the last reset